| 000 | 00566cam a22001817a 4500 | ||
|---|---|---|---|
| 040 | _cDLC | ||
| 082 | _a910 OMN 2001 A105 Or. | ||
| 245 | 0 | 0 | _a30 years with the Journal of nematology |
| 246 | 3 | _aThirty years with the Journal of nematology | |
| 260 |
_a[Wisconsin] : _bOmnipress, _cc2001. |
||
| 300 |
_a3 CD-ROMs ; _c4 3/4 in. |
||
| 500 | _aTitle from disc label. | ||
| 500 | _aProduction level cataloging. | ||
| 520 | _aElectronic version of thirty years of issues of the journal. | ||
| 650 | 0 | _aNematodes | |
| 710 | 2 | _aSociety of Nematologists. | |
| 942 | _cEK | ||
| 999 |
_c16041 _d16041 |
||